| 000 | 01404nam a2200409 a 4500 | ||
|---|---|---|---|
| 003 | BLK | ||
| 005 | 20230818163505.0 | ||
| 008 | 180408b bul|||||r ||||||| ||bul|| | ||
| 010 | _aKNG00042793000 | ||
| 020 | _a2-203-16710-6 | ||
| 040 | _aBLK | ||
| 041 |
_aFRE _cFRE |
||
| 080 |
_aЖивопис - художници _b75.071.1 _x(44)(092) _z75.071.1(44)(092) |
||
| 080 |
_aФренски живописец, график и скулптор импресионист (1834-1917)(АБ) _b929 Дега, Едгар _z929 Дега, Едгар |
||
| 100 | 1 |
_aLoumaye, Jacqueline _eпърви автор _917271 |
|
| 139 |
_aLoumaye, Jacqueline _bД 32 _fD 31 E _gД 32 Е |
||
| 245 | 1 | 0 |
_aDegas _bLe geste peint _cJacqueline Loumaye, Nadine Massart. |
| 257 | _aFRA | ||
| 260 |
_bCasterman _c1992 |
||
| 300 |
_a62 c. _bс ил. _c24 см |
||
| 380 | _a7 | ||
| 490 | _aLe Jardin des Peintres | ||
| 600 | 1 | 4 |
_aДега, Едгар _959263 |
| 650 | 4 |
_aХудожници, френски _9249195 |
|
| 653 | _aфренски художници | ||
| 653 | _aЕдгар Дега | ||
| 700 | 1 |
_aMassart, Nadine _eсъавт. _918072 |
|
| 700 | 1 |
_aДега, Едгар _959263 |
|
| 852 | _aЦб 97118 | ||
| 856 | 4 | _qpdf | |
| 856 | 4 | _qpdf | |
| 942 |
_cKNG _n0 _s1 _03 |
||
| 944 |
_aCR _c15.01.2003 _k30542 _lРусанова Ирена |
||
| 944 |
_aED _c23.08.2013 |
||
| 999 |
_c39440 _d39440 |
||
| 999 | _d39440 | ||
| 999 | _d39440 | ||